000 00721nam a2200277 a 4500
999 _c9094
_d9094
001 9094
003 BD-JhCC
005 20180308183106.0
008 180308r19821985II a|||| |||| 001 0 eng d
035 _a(BD-JhCC)9094
040 _aBD-JhCC
_dBD-JhCC
041 _aeng
082 _a617.8
_bDES 1985
100 _a De, Shyamal Kumar
245 _aFundamentals of ear, nose & throat diseases /
_c Dr. Shyamal Kumar De
250 _a2nd edu.
260 _aIndia
_bTHE NEW BOOK STALL
_c1985
300 _a497 P.:
_bill.;
_c22 cm.
504 _aInclude index
650 _aNose
650 _aThroat
650 _aEar
_xDiseases
700 _aKumar De, Dr. Shyamal
942 _2ddc
_cBK